<?xml version="1.0" encoding="UTF-8"?><?xml-stylesheet type="text/xsl" href="static/style.xsl"?><OAI-PMH xmlns="http://www.openarchives.org/OAI/2.0/" xmlns:xsi="http://www.w3.org/2001/XMLSchema-instance" xsi:schemaLocation="http://www.openarchives.org/OAI/2.0/ http://www.openarchives.org/OAI/2.0/OAI-PMH.xsd"><responseDate>2026-06-30T04:09:12Z</responseDate><request verb="GetRecord" identifier="oai:riubu.ubu.es:10259/6236" metadataPrefix="marc">https://riubu.ubu.es/oai/request</request><GetRecord><record><header><identifier>oai:riubu.ubu.es:10259/6236</identifier><datestamp>2022-11-09T12:25:36Z</datestamp><setSpec>com_10259_4244</setSpec><setSpec>com_10259_5086</setSpec><setSpec>com_10259_2604</setSpec><setSpec>col_10259_4245</setSpec></header><metadata><record xmlns="http://www.loc.gov/MARC21/slim" xmlns:doc="http://www.lyncode.com/xoai" xmlns:xsi="http://www.w3.org/2001/XMLSchema-instance" xmlns:dcterms="http://purl.org/dc/terms/" xsi:schemaLocation="http://www.loc.gov/MARC21/slim http://www.loc.gov/standards/marcxml/schema/MARC21slim.xsd">
<leader>00925njm 22002777a 4500</leader>
<datafield tag="042" ind1=" " ind2=" ">
<subfield code="a">dc</subfield>
</datafield>
<datafield tag="720" ind1=" " ind2=" ">
<subfield code="a">Enache, Iuliana Maria</subfield>
<subfield code="e">author</subfield>
</datafield>
<datafield tag="720" ind1=" " ind2=" ">
<subfield code="a">Benito Román, Oscar</subfield>
<subfield code="e">author</subfield>
</datafield>
<datafield tag="720" ind1=" " ind2=" ">
<subfield code="a">Coman, Gigi</subfield>
<subfield code="e">author</subfield>
</datafield>
<datafield tag="720" ind1=" " ind2=" ">
<subfield code="a">Vizireanu, Camelia</subfield>
<subfield code="e">author</subfield>
</datafield>
<datafield tag="720" ind1=" " ind2=" ">
<subfield code="a">Stănciuc, Nicoleta</subfield>
<subfield code="e">author</subfield>
</datafield>
<datafield tag="720" ind1=" " ind2=" ">
<subfield code="a">Andronoiu, Doina Georgeta</subfield>
<subfield code="e">author</subfield>
</datafield>
<datafield tag="720" ind1=" " ind2=" ">
<subfield code="a">Mihalcea, Liliana</subfield>
<subfield code="e">author</subfield>
</datafield>
<datafield tag="720" ind1=" " ind2=" ">
<subfield code="a">Sanz Díez, Mª Teresa</subfield>
<subfield code="e">author</subfield>
</datafield>
<datafield tag="260" ind1=" " ind2=" ">
<subfield code="c">2021-11</subfield>
</datafield>
<datafield tag="520" ind1=" " ind2=" ">
<subfield code="a">In this work, the optimization of two extraction methods, conventional CE and ultrasound-assisted UAE, to obtain extracts from cornelian cherry fruit with high antioxidant activity, which can be used to produce healthier jelly candies, is presented. In the CE process, the effects of temperature (30–50 °C), time (15–45 min), and hydroalcoholic mixtures (60–100% ethanol, v/v) were studied. The highest antioxidant activity (29.83 ± 0.85 mg TE/g dw) was found in the extracts obtained using 60% ethanol at 40 °C for 15 min. The UAE process led to comparable values of 26.60 ± 0.53 mg TE/g dw at 40% amplitude and pulsed sonication (5 s on and 5 s off) for 12.5 min. Under these experimental conditions, the specific energy consumed was 1.91 kJ/g. The vitamin C content and its inhibitory activity against metabolic enzymes were evaluated in extracts with different antioxidant activity. A significant inhibitory effect against carbohydrate-metabolism-associated enzymes was identified for all the tested extracts, with an inhibitory effect against α-glucosidase higher than 75%, but with a lower effect against α-amylase. The extract obtained by CE (60% ethanol, 40 °C, 15 min) provided the highest vitamin C content of 39.9 ± 1.2 mg ascorbic acid/100 g dw. Four variants of the healthier jelly candies were formulated, with a vitamin C content of 0.34 mg ascorbic acid/100 g dw in samples with agar-agar and 0.70 mg ascorbic acid/100 g dw in samples with gelatin.</subfield>
</datafield>
<datafield tag="024" ind2=" " ind1="8">
<subfield code="a">2076-3417</subfield>
</datafield>
<datafield tag="024" ind2=" " ind1="8">
<subfield code="a">http://hdl.handle.net/10259/6236</subfield>
</datafield>
<datafield tag="024" ind2=" " ind1="8">
<subfield code="a">10.3390/app112210729</subfield>
</datafield>
<datafield ind1=" " ind2=" " tag="653">
<subfield code="a">Cornus mas</subfield>
</datafield>
<datafield ind1=" " ind2=" " tag="653">
<subfield code="a">Antioxidants</subfield>
</datafield>
<datafield ind1=" " ind2=" " tag="653">
<subfield code="a">Conventional extraction</subfield>
</datafield>
<datafield ind1=" " ind2=" " tag="653">
<subfield code="a">Ultrasound-assisted extraction</subfield>
</datafield>
<datafield ind1=" " ind2=" " tag="653">
<subfield code="a">Jelly candies</subfield>
</datafield>
<datafield tag="245" ind1="0" ind2="0">
<subfield code="a">Extraction Optimization and Valorization of the Cornelian Cherry Fruits Extracts: Evidence on Antioxidant Activity and Food Applications</subfield>
</datafield>
</record></metadata></record></GetRecord></OAI-PMH>